Municipios de Segovia - No termina2 - Estadísticas

Estadísticas generales
  • Esta prueba ha sido intentada 252 veces
  • La puntuación promedio es 43 de 223
Respuestas en el mapa
Las respuestas están codificadas por una escala verde-roja en el mapa de la prueba según el % correcto abajo.
 
Estadísticas de respuestas
Municipio % Correcto
Segovia B
96%
Cuellar nC
81%
Sepulveda B
76%
Real Sitio de San Ildefonso B
74%
Pedraza B
71%
Riaza B
71%
Coca B
65%
Ayllon B
63%
El Espinar B
60%
La lastrilla B
57%
Santa Maria la Real de Nieva B
54%
Torrecaballeros B
53%
Turegano B
51%
Cantalejo B
49%
San Cristobal de Segovia B
49%
Navas de Oro
48%
Zarzuela del Monte B
48%
Abades B
47%
Palazuelos de Eresma B
47%
Trescasas B
47%
Cantimpalos B
46%
Otero de Herreros B
46%
Villacastin B
46%
Bernuy de Porreros B
44%
Cerezo de Arriba
42%
Navafria B
42%
Pradena B
42%
Valverde del Majano B
42%
Arcones B
38%
Boceguillas B
38%
Fuentidueña B
38%
Nava de la Asuncion
38%
Chañe B
37%
Maderuelo B
37%
Carbonero el Mayor
34%
Aguilafuente
32%
Mozoncillo B
31%
Santo Tome del Puerto B
31%
Sanchonuño B
30%
Nieva B
29%
Sebulcor B
29%
Marugan B
28%
Ortigosa del Monte B
28%
Fuentepelayo
26%
Hontanares de Eresma B
26%
Lastras de Cuellar B
26%
Sacramenia B
26%
Cabañas de polendos B
25%
Cabezuela
25%
Espirdo B
24%
Hontalbilla B
24%
Navalmanzano
24%
San Miguel de Bernuy
24%
Sotosalbos B
24%
Villaverde de Iscar B
24%
Gomezserracin B
23%
Valseca B
23%
Basardilla B
22%
Bernardos B
22%
Collado Hermoso B
22%
La Losa B
22%
Puebla de Pedraza B
22%
Santiuste de Pedraza B
22%
Arahuetes B
21%
Muñopedro B
21%
Navas de Riofrio B
20%
Tabanera la Luenga B
20%
Garcillan B
19%
Navas de San Antonio B
19%
Vegas de Matute B
19%
Olombrada B
18%
Veganzones B
18%
Adrados
17%
Aldea Real B
17%
Añe B
17%
Armuña B
17%
Casla
17%
Juarros de Voltoya B
17%
La Matilla nC
17%
Matabuena B
17%
Navares de enmedio nC
17%
Samboal B
17%
Zarzuela del Pinar
17%
Bercial B
15%
Brieva B
15%
Campo de San Pedro
15%
Miguelañez B
15%
Muñoveros
15%
Roda de Eresma B
15%
Torreiglesias B
15%
Urueñas B
15%
Martin Muñoz de las Posadas B
14%
Vallelado B
14%
Anaya B
13%
Barbolla B
13%
Frumales B
13%
Gallegos B
13%
Ituero y Lama B
13%
Martin Miguel B
13%
Monterrubio B
13%
Pinarejos B
13%
San Pedro de Gaíllos
13%
Torre Val de San Pedro B
13%
Yanguas de Eresma B
13%
Codorniz B
12%
Encinillas B
12%
Grajera B
12%
Pinarnegrillo B
12%
Sangarcia B
12%
Cuevas de Provanco B
11%
Fresno de Cantespino B
11%
Fuenterebollo B
11%
Sauquillo de Cabezas B
11%
Caballar B
10%
Escarabajosa de Cabezas B
10%
Lastras del pozo B
10%
Los huertos B
10%
Marazuela B
10%
Navalilla B
10%
Navares de Ayuso B
10%
Ribota
10%
Torrecilla del Pinar B
10%
Valdeprados B
10%
Carrascal del Rio
9%
Duruelo
9%
Navares de las Cuevas B
9%
Remondo B
9%
Adrada de Piron B
8%
Bercimuel
8%
Carabias B
8%
Castroserracin B
8%
Corral de Ayllon B
8%
Encinas B
8%
Escobar de Polendos B
8%
Fresno de la Fuente B
8%
Fuentesauco de Fuentidueña B
8%
Honrubia de la cuesta B
8%
Juarros de Riomoros B
8%
Marazoleja B
8%
Riofrio de Riaza
8%
Santiuste de San Juan Bautista
8%
Santo Domingo de Piron B
8%
Sotillo B
8%
Torreadrada B
8%
Valtiendas B
8%
Aldehorno B
7%
Castillejo de Mesleon B
7%
Montejo de la Vega de la Serrezuela B
7%
Sequera de Fresno B
7%
Aldealengua de Santa Maria B
6%
Aldeasoña B
6%
Castrojimeno B
6%
Castroserna de Abajo B
6%
Cubillo B
6%
Fuentesoto B
6%
Labajos B
6%
Laguna de Contreras B
6%
Languilla B
6%
Melque de Cercos B
6%
Perosillo B
6%
Rebollo B
6%
San Cristobal de Cuellar B
6%
Valle de Tabladillo B
6%
Aldeanueva del Codonal B
5%
Fuentepiñel
5%
Martin Muñoz de la dehesa B
5%
Moral de Hornuez B
5%
Pelayos del Arroyo B
5%
Riaguas de San Bartolome B
5%
Alconada de Maderuelo B
4%
Aldealengua de Pedraza B
4%
Aldehuela del Codonal B
4%
Aldeonte B
4%
Calabazas de Fuentidueña B
4%
Castro de Fuentidueña B
4%
Cedillo de la Torre B
4%
Cobos de Fuentidueña B
4%
Comunidad de Riaza y Sepulveda B
4%
Cozuelos de Fuentidueña
4%
Escalona de Prado B
4%
Fresneda de Cuellar B
4%
Fuente el Olmo de Fuentidueña B
4%
Fuente el Olmo de Iscar B
4%
Mata de Cuellar
4%
Membibre de la Hoz B
4%
Orejana B
4%
Ortigosa de Pestaño B
4%
Pajarejos B
4%
San Cristobal de la Vega B
4%
San Martin y Mudrian
4%
Valdevacas de Montejo B
4%
Valdevacas y Guijar B
4%
Valleruela de Sepulveda B
4%
Ventosilla y Tejadilla B
4%
Aldealcorvo
3%
Arevalillo de Cega B
3%
Cilleruelo de San Mames B
3%
Condado de Castilnovo B
3%
Montejo de Arevalo B
3%
Repariegos B
3%
Tolocirio B
3%
Valleruela de Pedraza B
3%
Villaverde de Montejo B
3%
Villeguillo B
3%
Domingo Garcia B
2%
Fuente de Santa Cruz
2%
Santa Marta del Cerro B
2%
Alduanueva de la Serrezuela B
1%
Donhierro B
1%
No se encontraron pruebas coincidentes
Distribución de puntuación
Porcentaje de gente con cada puntuación
Porcentaje por número respondido
Historial de tus puntuaciones
No has intentado esta prueba.